| 000 | 00503nam a2200193Ia 4500 | ||
|---|---|---|---|
| 005 | 20250508160637.0 | ||
| 008 | 008 250505s9999 xx 000 0 eng d | ||
| 037 | _aTextual | ||
| 040 |
_aFEDL _beng _cFEDL |
||
| 041 |
_aeng _2eng |
||
| 084 |
_a331.1, FLA _qFEDL |
||
| 100 | _aFlanders Allan | ||
| 245 | 0 | _aManagement and unions | |
| 260 |
_aLondon, UK _bFaber and Faber _c1970 |
||
| 300 | _a317p. | ||
| 650 | _aEconomics | ||
| 942 |
_cTEXL _h331.1, FLA |
||
| 999 |
_c1365798 _d1365798 |
||